000 00306nam a2200133Ia 4500
005 20251222141802.0
008 251222s9999||||xx |||||||||||||| ||spa||
020 _a84-320-2123-7
082 _a863/S17
100 _aSalisachs, Mercedes
245 0 _aAdagio Confidencial
264 _bPlaneta
942 _cLIB
999 _c6201
_d6201